ARRUPE JESUIT UNIVERSITY

CORONAVIRUS -STOP THE SPREAD - CLEAN,DISINFECT,COVER

A people's guide to constitutional debate. (Record no. 128963)

MARC details
000 -LEADER
fixed length control field 00988cam a2200265 a 4500
001 - CONTROL NUMBER
control field 16237826
003 - CONTROL NUMBER IDENTIFIER
control field ARRUPE
005 - DATE AND TIME OF LATEST TRANSACTION
control field 20190212115806.0
008 - FIXED-LENGTH DATA ELEMENTS--GENERAL INFORMATION
fixed length control field 100517s2009 rh a 000 0 eng
010 ## - LIBRARY OF CONGRESS CONTROL NUMBER
LC control number 2010323458
020 ## - INTERNATIONAL STANDARD BOOK NUMBER
International Standard Book Number 9780797438804
040 ## - CATALOGING SOURCE
Original cataloging agency DLC
Transcribing agency DLC
Modifying agency DLC
042 ## - AUTHENTICATION CODE
Authentication code lcode
-- pcc
043 ## - GEOGRAPHIC AREA CODE
Geographic area code f-rh---
050 00 - LIBRARY OF CONGRESS CALL NUMBER
Classification number KTZ170
Item number .P46 2009
300 ## - PHYSICAL DESCRIPTION
Other physical details ill. ;
Dimensions 21 cm.
245 02 - TITLE STATEMENT
Title A people's guide to constitutional debate.
260 ## - PUBLICATION, DISTRIBUTION, ETC. (IMPRINT)
Place of publication, distribution, etc Harare :
Name of publisher, distributor, etc Bookteam, Africa Community Publishing and Development Trust,
Date of publication, distribution, etc 2009.
300 ## - PHYSICAL DESCRIPTION
Extent 226, [6] p. :
650 #0 - SUBJECT ADDED ENTRY--TOPICAL TERM
Topical term or geographic name as entry element Constitutional law
Geographic subdivision Zimbabwe.
9 (RLIN) 43364
651 #0 - SUBJECT ADDED ENTRY--GEOGRAPHIC NAME
Geographic name Zimbabwe
General subdivision Politics and government
Chronological subdivision 1980-
9 (RLIN) 44555
710 2# - ADDED ENTRY--CORPORATE NAME
Corporate name or jurisdiction name as entry element ACPD Bookteam.
9 (RLIN) 11778
856 41 - ELECTRONIC LOCATION AND ACCESS
Materials specified Table of contents only
Uniform Resource Identifier <a href="http://www.loc.gov/catdir/toc/fy11pdf02/2010323458.html">http://www.loc.gov/catdir/toc/fy11pdf02/2010323458.html</a>
906 ## - LOCAL DATA ELEMENT F, LDF (RLIN)
a 7
b cbc
c origode
d 3
e ncip
f 20
g y-gencatlg
942 ## - ADDED ENTRY ELEMENTS (KOHA)
Source of classification or shelving scheme Library of Congress Classification
Koha item type Monograph ( Printed materials)
Holdings
Withdrawn status Lost status Source of classification or shelving scheme Damaged status Not for loan Collection code Home library Current library Shelving location Date acquired Total Checkouts Full call number Barcode Date last seen Price effective from Koha item type
    Library of Congress Classification     Main Collection ARRUPE LIBRARY ARRUPE LIBRARY Main Collection 12/02/2019   KTZ170 .P46 2009 46600003720 12/02/2019 12/02/2019 Monograph ( Printed materials)

 

Arrupe Library. PO Box MP320 Mt Pleasant, Harare, Zimbabwe
263 242 745411|librarian@aju.ac.zw